| 000 | 00684nam a2200229Ia 4500 | ||
|---|---|---|---|
| 005 | 20230609152552.0 | ||
| 008 | 131103s9999 xx 000 0 und d | ||
| 020 |
_a521378303 _c8.95 pds |
||
| 040 | _aLoreto College | ||
| 041 | _aEnglish | ||
| 082 |
_a938 _bCLO |
||
| 100 | _aClogg,Richard | ||
| 245 | 2 |
_aA concise history of Greece _cRichard Clogg |
|
| 260 |
_aCambridge _bCambridge University Press _c1992 (1993 printing) |
||
| 300 |
_axii,257 p. _b plates ill.,maps |
||
| 440 | _aCambridge Concise Histories | ||
| 504 | _aIncludes bibliographical references and index | ||
| 650 | _aAncient History | ||
| 651 | _aGreece - Ancient History | ||
| 850 | _aLCLIB | ||
| 942 | _cBK | ||
| 999 |
_c8609 _d59088 |
||